[Event "EUCC 2023 - U14"]
[Site "Kouty nad Desnou"]
[Date "2023.08.21"]
[Round "6.5"]
[White "Barteckova, Valerie"]
[Black "Sahidi, Sear"]
[Result "0-1"]
[BlackElo "1731"]
[WhiteElo "1562"]
[LiveChessVersion "1.4.8"]

1. d4 {[%clk 1:30:57]} d5 {[%clk 1:30:50]} 2. c4 {[%clk 1:31:16]} e6
{[%clk 1:31:06]} 3. Nf3 {[%clk 1:31:15]} Nf6 {[%clk 1:31:25]} 4. Nc3
{[%clk 1:31:19]} Be7 {[%clk 1:29:56]} 5. Bf4 {[%clk 1:30:48]} a6 {[%clk 1:29:49]}
6. e3 {[%clk 1:29:30]} O-O {[%clk 1:29:33]} 7. Qc2 {[%clk 1:25:51]} Nbd7
{[%clk 1:20:10]} 8. c5 {[%clk 1:22:14]} b6 {[%clk 1:08:25]} 9. b4
{[%clk 1:19:37]} Nh5 {[%clk 0:53:17]} 10. Bg3 {[%clk 1:17:25]} Bb7
{[%clk 0:42:07]} 11. Be2 {[%clk 1:15:46]} a5 {[%clk 0:34:26]} 12. Ne5
{[%clk 1:11:47]} Nxe5 {[%clk 0:31:59]} 13. Bxe5 {[%clk 1:11:37]} f6
{[%clk 0:26:33]} 14. Bg3 {[%clk 1:02:31]} Nxg3 {[%clk 0:19:52]} 15. hxg3
{[%clk 1:02:23]} f5 {[%clk 0:16:50]} 16. bxa5 {[%clk 0:57:41]} bxc5
{[%clk 0:15:57]} 17. dxc5 {[%clk 0:55:02]} Rxa5 {[%clk 0:15:08]} 18. Nb5
{[%clk 0:51:16]} c6 {[%clk 0:10:37]} 19. Nd4 {[%clk 0:50:39]} Rxc5
{[%clk 0:08:27]} 20. Qb1 {[%clk 0:48:16]} Qd7 {[%clk 0:05:45]} 21. g4
{[%clk 0:45:01]} Bf6 {[%clk 0:04:11]} 22. gxf5 {[%clk 0:42:35]} exf5
{[%clk 0:04:22]} 23. Qd3 {[%clk 0:38:52]} Ra5 {[%clk 0:04:11]} 24. Nb3
{[%clk 0:37:43]} Ba6 {[%clk 0:03:43]} 25. Qd2 {[%clk 0:37:32]} Bxa1
{[%clk 0:03:41]} 26. Qxa5 {[%clk 0:36:44]} Bxe2 {[%clk 0:03:35]} 27. Kxe2
{[%clk 0:36:56]} Be5 {[%clk 0:03:45]} 28. Rc1 {[%clk 0:35:50]} f4
{[%clk 0:03:51]} 29. Qc5 {[%clk 0:34:01]} Qg4+ {[%clk 0:03:33]} 30. Ke1
{[%clk 0:29:58]} fxe3 {[%clk 0:03:03]} 31. Rc2 {[%clk 0:25:05]} exf2+
{[%clk 0:03:20]} 32. Rxf2 {[%clk 0:24:53]} Rxf2 {[%clk 0:03:47]} 33. Kxf2
{[%clk 0:24:42]} Bg3+ {[%clk 0:04:13]} 34. Ke3 {[%clk 0:24:37]} Qe4+
{[%clk 0:04:11]} 35. Kd2 {[%clk 0:24:42]} Qxg2+ {[%clk 0:04:29]} 36. Kc3
{[%clk 0:24:30]} Be1+ {[%clk 0:04:03]} 37. Kd3 {[%clk 0:24:36]} Qf1+
{[%clk 0:04:29]} 38. Kc2 {[%clk 0:24:28]} Qc4+ {[%clk 0:04:43]} 0-1

[Event "EUCC 2023 - U14"]
[Site "Kouty nad Desnou"]
[Date "2023.08.21"]
[Round "6.6"]
[White "Sekova, Olivia"]
[Black "Valean, David-Andrei"]
[Result "1-0""]
[BlackElo "1648"]
[WhiteElo "1714"]
[LiveChessVersion "1.4.8"]

1. e4 {[%clk 1:30:50]} e5 {[%clk 1:30:54]} 2. Nf3 {[%clk 1:31:05]} Nc6
{[%clk 1:31:16]} 3. Bb5 {[%clk 1:31:16]} a6 {[%clk 1:31:39]} 4. Ba4
{[%clk 1:31:41]} Bc5 {[%clk 1:30:45]} 5. c3 {[%clk 1:31:19]} b5 {[%clk 1:30:58]}
6. Bb3 {[%clk 1:31:41]} Nf6 {[%clk 1:30:55]} 7. O-O {[%clk 1:31:36]} d6
{[%clk 1:28:33]} 8. a4 {[%clk 1:30:05]} Bg4 {[%clk 1:22:58]} 9. d3
{[%clk 1:24:43]} h6 {[%clk 1:08:09]} 10. Be3 {[%clk 1:22:03]} O-O
{[%clk 1:05:50]} 11. Nbd2 {[%clk 1:17:45]} Kh8 {[%clk 0:54:49]} 12. h3
{[%clk 1:16:10]} Bh5 {[%clk 0:53:25]} 13. Re1 {[%clk 1:15:10]} Qd7
{[%clk 0:25:31]} 14. Nf1 {[%clk 1:13:52]} Ne7 {[%clk 0:19:03]} 15. Bxc5
{[%clk 1:05:46]} dxc5 {[%clk 0:17:41]} 16. g4 {[%clk 1:04:58]} Nxg4
{[%clk 0:18:00]} 17. hxg4 {[%clk 1:05:18]} Qxg4+ {[%clk 0:18:23]} 18. Ng3
{[%clk 1:05:41]} Qxf3 {[%clk 0:18:10]} 19. Nxh5 {[%clk 1:06:03]} Qh3
{[%clk 0:18:30]} 20. Re3 {[%clk 1:02:24]} Qd7 {[%clk 0:16:40]} 21. Rg3
{[%clk 1:00:21]} Ng6 {[%clk 0:01:10]} 22. Qf3 {[%clk 0:55:59]} Kh7
{[%clk 0:00:31]} 23. Qf6 {[%clk 0:54:39]} gxf6 {[%clk 0:00:31]} 24. Nxf6+
{[%clk 0:55:03]} Kg7 {[%clk 0:00:40]} 25. Nxd7 {[%clk 0:55:27]} 1-0

[Event "EUCC 2023 - U14"]
[Site "Kouty nad Desnou"]
[Date "2023.08.21"]
[Round "6.7"]
[White "Boyadzhieva, Katerina"]
[Black "Ciocirlan, Bianca-Alexandra"]
[Result "0-1"]
[BlackElo "1510"]
[WhiteElo "1152"]
[LiveChessVersion "1.4.8"]

1. e4 {[%clk 1:30:58]} e5 {[%clk 1:30:51]} 2. Nf3 {[%clk 1:31:24]} Nc6
{[%clk 1:31:16]} 3. Bc4 {[%clk 1:31:50]} Bc5 {[%clk 1:31:32]} 4. O-O
{[%clk 1:32:14]} d6 {[%clk 1:31:55]} 5. c3 {[%clk 1:32:33]} Nf6 {[%clk 1:30:43]}
6. d4 {[%clk 1:32:44]} exd4 {[%clk 1:30:45]} 7. cxd4 {[%clk 1:33:00]} Bb6
{[%clk 1:27:56]} 8. d5 {[%clk 1:24:24]} Ne7 {[%clk 1:26:15]} 9. Nc3
{[%clk 1:19:47]} Ng6 {[%clk 1:26:21]} 10. h3 {[%clk 1:18:12]} O-O
{[%clk 1:25:53]} 11. Re1 {[%clk 1:12:01]} Re8 {[%clk 1:20:27]} 12. Qc2
{[%clk 1:07:55]} Qe7 {[%clk 1:16:24]} 13. Bg5 {[%clk 1:02:13]} h6
{[%clk 1:14:51]} 14. Bd2 {[%clk 1:00:12]} Nd7 {[%clk 1:11:06]} 15. Bb5
{[%clk 0:54:36]} a6 {[%clk 1:10:56]} 16. Bxd7 {[%clk 0:54:50]} Bxd7
{[%clk 1:10:31]} 17. Be3 {[%clk 0:49:25]} Bxe3 {[%clk 1:01:30]} 18. Rxe3
{[%clk 0:49:38]} Qf6 {[%clk 0:58:53]} 19. Ne2 {[%clk 0:43:48]} Rac8
{[%clk 0:53:38]} 20. Qc3 {[%clk 0:39:13]} Ne5 {[%clk 0:44:06]} 21. Nxe5 Qxe5
{[%clk 0:42:22]} 22. Qxe5 {[%clk 0:38:18]} Rxe5 23. f4 {[%clk 0:32:12]} Re7
{[%clk 0:42:52]} 24. Nc3 {[%clk 0:28:39]} Rce8 {[%clk 0:40:03]} 25. Rae1
{[%clk 0:26:22]} b5 {[%clk 0:37:52]} 26. Kf2 {[%clk 0:21:18]} b4 {[%clk 0:36:57]}
27. Nd1 {[%clk 0:20:28]} f6 {[%clk 0:32:10]} 28. b3 {[%clk 0:16:18]} g5
{[%clk 0:27:36]} 29. f5 {[%clk 0:10:46]} c6 {[%clk 0:24:56]} 30. g4
{[%clk 0:08:57]} Re5 {[%clk 0:23:24]} 31. Kf3 {[%clk 0:07:24]} Rc8
{[%clk 0:16:53]} 32. Rd3 {[%clk 0:06:27]} c5 {[%clk 0:16:49]} 33. Nb2
{[%clk 0:06:20]} Bb5 {[%clk 0:16:01]} 34. Nc4 {[%clk 0:06:33]} Bxc4
{[%clk 0:15:31]} 35. bxc4 {[%clk 0:07:00]} a5 {[%clk 0:15:53]} 36. Rb1
{[%clk 0:06:29]} a4 {[%clk 0:15:26]} 37. Ke3 {[%clk 0:06:10]} Rce8
{[%clk 0:15:46]} 38. Kf3 b3 39. a3 Kg7 40. Rb2 h5 41. gxh5 Rh8 42. Kg4 Rd8 0-1

[Event "EUCC 2023 - U14"]
[Site "Kouty nad Desnou"]
[Date "2023.08.21"]
[Round "6.8"]
[White "Bartova, Hana"]
[Black "Kluska, Lukas"]
[Result "0-1"]
[BlackElo "1310"]
[WhiteElo "1461"]
[LiveChessVersion "1.4.8"]

1. e4 {[%clk 1:30:57]} e5 {[%clk 1:30:45]} 2. Nf3 {[%clk 1:31:19]} Nc6
{[%clk 1:30:49]} 3. Bc4 {[%clk 1:31:43]} Be7 {[%clk 1:31:04]} 4. d4
{[%clk 1:31:17]} d6 {[%clk 1:30:51]} 5. O-O {[%clk 1:26:38]} Bg4 {[%clk 1:28:38]}
6. h3 {[%clk 1:26:31]} Bh5 {[%clk 1:28:07]} 7. g4 {[%clk 1:18:35]} Bg6
{[%clk 1:26:09]} 8. Nc3 {[%clk 1:16:45]} Nf6 {[%clk 1:22:37]} 9. Re1
{[%clk 1:09:58]} O-O {[%clk 1:13:31]} 10. Bg5 {[%clk 0:56:38]} h5
{[%clk 1:02:34]} 11. Nh4 {[%clk 0:26:17]} Kh8 {[%clk 0:55:10]} 12. Bxf6
{[%clk 0:08:40]} Bxf6 {[%clk 0:53:34]} 13. Nf5 {[%clk 0:03:39]} exd4
{[%clk 0:46:42]} 14. Nd5 {[%clk 0:02:00]} Ne5 {[%clk 0:45:51]} 15. Bb3
{[%clk 0:01:48]} Bxf5 {[%clk 0:42:42]} 16. gxf5 {[%clk 0:01:44]} Bg5
{[%clk 0:41:28]} 17. Qxh5+ {[%clk 0:01:39]} Bh6 {[%clk 0:41:29]} 18. f4
{[%clk 0:01:15]} Nd7 {[%clk 0:40:23]} 19. Kh1 {[%clk 0:01:12]} Nf6
{[%clk 0:39:59]} 20. Nxf6 {[%clk 0:01:00]} Qxf6 {[%clk 0:40:18]} 21. Rg1
{[%clk 0:01:17]} Kh7 {[%clk 0:36:13]} 22. Rg4 {[%clk 0:00:57]} g6
{[%clk 0:35:10]} 23. fxg6+ {[%clk 0:00:50]} fxg6 {[%clk 0:35:29]} 24. Qb5
{[%clk 0:00:55]} Bxf4 {[%clk 0:29:19]} 25. Rf1 {[%clk 0:00:53]} Qe5
{[%clk 0:28:09]} 26. Qxb7 {[%clk 0:01:00]} Rac8 {[%clk 0:25:11]} 27. Bd5
{[%clk 0:01:16]} g5 {[%clk 0:22:17]} 28. h4 {[%clk 0:01:00]} Kg6 {[%clk 0:22:02]}
29. hxg5 {[%clk 0:00:44]} Rh8+ {[%clk 0:20:57]} 30. Kg2 {[%clk 0:01:05]} Rh2+
{[%clk 0:20:56]} 31. Kf3 {[%clk 0:01:22]} Rf8 {[%clk 0:20:48]} 32. Bf7+
{[%clk 0:01:23]} Rxf7 {[%clk 0:20:41]} 33. Qd5 {[%clk 0:01:26]} Be3+
{[%clk 0:20:41]} 34. Qxf7+ {[%clk 0:01:21]} Kxf7 {[%clk 0:20:51]} 35. b3
{[%clk 0:01:17]} Kg6 {[%clk 0:19:04]} 36. a4 {[%clk 0:01:33]} Qh8
{[%clk 0:19:19]} 37. Re1 {[%clk 0:01:25]} Qf8+ {[%clk 0:19:07]} 38. Kg3
{[%clk 0:01:42]} Qf2# {[%clk 0:19:29]} 0-1

[Event "EUCC 2023 - U14"]
[Site "Kouty nad Desnou"]
[Date "2023.08.22"]
[Round "7.1"]
[White "Csernyik, Mark"]
[Black "Auribault, Louis"]
[Result "1/2-1/2"]
[BlackElo "2084"]
[WhiteElo "1976"]
[LiveChessVersion "1.4.8"]

1. e4 {[%clk 1:30:55]} e5 {[%clk 1:30:58]} 2. Nc3 {[%clk 1:31:19]} Nf6
{[%clk 1:30:46]} 3. f4 {[%clk 1:31:40]} d5 {[%clk 1:30:57]} 4. fxe5
{[%clk 1:31:49]} Nxe4 {[%clk 1:31:14]} 5. Qf3 {[%clk 1:32:06]} Nxc3
{[%clk 1:30:52]} 6. dxc3 {[%clk 1:32:30]} Be6 {[%clk 1:26:37]} 7. Qg3
{[%clk 1:25:57]} c5 {[%clk 1:18:08]} 8. Bb5+ {[%clk 1:22:01]} Nd7
{[%clk 1:17:25]} 9. Nf3 {[%clk 1:18:47]} a6 {[%clk 1:11:46]} 10. Bxd7+
{[%clk 1:17:06]} Qxd7 {[%clk 1:12:03]} 11. O-O {[%clk 1:16:14]} h6
{[%clk 1:09:09]} 12. Be3 {[%clk 1:12:27]} O-O-O {[%clk 1:04:40]} 13. Qf2
{[%clk 1:11:13]} Qc7 {[%clk 0:58:55]} 14. Kh1 {[%clk 1:10:18]} g5
{[%clk 0:58:00]} 15. b4 {[%clk 1:06:22]} g4 {[%clk 0:55:46]} 16. Nd2
{[%clk 0:58:35]} Rg8 {[%clk 0:53:00]} 17. Bxc5 {[%clk 0:53:12]} g3
{[%clk 0:52:19]} 18. hxg3 {[%clk 0:48:04]} Bxc5 {[%clk 0:44:21]} 19. bxc5
{[%clk 0:47:44]} Qxe5 {[%clk 0:43:04]} 20. c6 {[%clk 0:45:38]} bxc6
{[%clk 0:41:40]} 21. Rab1 {[%clk 0:39:40]} Qxg3 {[%clk 0:37:29]} 22. Qe2
{[%clk 0:39:03]} Kc7 {[%clk 0:30:04]} 23. Rf3 {[%clk 0:36:03]} Qh4+
{[%clk 0:25:51]} 24. Kg1 {[%clk 0:35:55]} Qg5 {[%clk 0:25:16]} 25. Qf2
{[%clk 0:34:05]} Rb8 {[%clk 0:20:33]} 26. Re1 {[%clk 0:10:15]} Rb7
{[%clk 0:16:38]} 27. Nb3 {[%clk 0:10:10]} Kd6 {[%clk 0:13:06]} 28. Nd4
{[%clk 0:06:07]} Rg6 {[%clk 0:10:43]} 29. Nf5+ {[%clk 0:05:04]} Kd7
{[%clk 0:10:58]} 30. Nd4 {[%clk 0:05:13]} Kd6 {[%clk 0:10:41]} 31. Nf5+
{[%clk 0:05:07]} 1/2-1/2

[Event "EUCC 2023 - U14"]
[Site "Kouty nad Desnou"]
[Date "2023.08.22"]
[Round "7.2"]
[White "Haapsal, Maria Ioanna"]
[Black "Ser, Daniel"]
[Result "1/2-1/2"]
[BlackElo "1850"]
[WhiteElo "1508"]
[LiveChessVersion "1.4.8"]

1. e4 {[%clk 1:30:57]} c6 {[%clk 1:30:57]} 2. d4 {[%clk 1:31:12]} d5
{[%clk 1:31:22]} 3. Nc3 {[%clk 1:31:35]} dxe4 {[%clk 1:31:45]} 4. Nxe4
{[%clk 1:31:57]} Nf6 {[%clk 1:32:09]} 5. Nxf6+ {[%clk 1:32:12]} exf6
{[%clk 1:32:33]} 6. c3 {[%clk 1:32:16]} Bd6 {[%clk 1:32:52]} 7. Bd3
{[%clk 1:32:37]} O-O {[%clk 1:33:16]} 8. Ne2 {[%clk 1:33:00]} Re8
{[%clk 1:33:07]} 9. Qc2 {[%clk 1:31:15]} h5 {[%clk 1:32:44]} 10. Be3
{[%clk 1:29:13]} Nd7 {[%clk 1:32:30]} 11. O-O-O {[%clk 1:29:01]} Nf8
{[%clk 1:32:19]} 12. Ng3 {[%clk 1:26:58]} g6 {[%clk 1:24:22]} 13. Ne4
{[%clk 1:20:16]} f5 {[%clk 1:10:00]} 14. Nxd6 {[%clk 1:18:16]} Qxd6
{[%clk 1:10:11]} 15. Qd2 {[%clk 1:07:53]} Ne6 {[%clk 0:54:17]} 16. g3
{[%clk 1:06:50]} b5 {[%clk 0:45:53]} 17. Be2 {[%clk 1:03:19]} Qd5
{[%clk 0:38:39]} 18. Kb1 {[%clk 1:03:04]} f4 19. Bxf4 {[%clk 0:53:51]} Nxf4
{[%clk 0:37:59]} 20. gxf4 {[%clk 0:54:03]} a5 {[%clk 0:35:26]} 21. Rhg1
{[%clk 0:51:38]} a4 {[%clk 0:20:08]} 22. Rg5 {[%clk 0:49:11]} Rxe2
{[%clk 0:06:47]} 23. Qxe2 {[%clk 0:45:06]} Bf5+ {[%clk 0:07:16]} 24. Ka1
{[%clk 0:44:16]} f6 {[%clk 0:06:46]} 25. Rg3 {[%clk 0:35:53]} Be6
{[%clk 0:06:03]} 26. c4 {[%clk 0:33:06]} Qxc4 {[%clk 0:05:52]} 27. Qxc4
{[%clk 0:33:23]} Bxc4 {[%clk 0:05:43]} 28. Rxg6+ {[%clk 0:33:41]} Kf7
{[%clk 0:05:25]} 29. Rg3 {[%clk 0:29:35]} Ke6 {[%clk 0:05:28]} 30. Re1+
{[%clk 0:27:00]} Kf5 {[%clk 0:05:20]} 31. Kb1 {[%clk 0:24:29]} h4
{[%clk 0:03:34]} 32. Rg7 {[%clk 0:15:01]} Kxf4 {[%clk 0:02:36]} 33. Re3
{[%clk 0:15:10]} Bd5 {[%clk 0:01:45]} 34. h3 {[%clk 0:11:37]} Rh8
{[%clk 0:00:47]} 35. Rg4+ Kf5 {[%clk 0:01:14]} 36. b3 {[%clk 0:10:57]} axb3
{[%clk 0:00:47]} 37. axb3 {[%clk 0:11:26]} Rh7 {[%clk 0:00:53]} 38. Kb2
{[%clk 0:11:49]} Rh8 {[%clk 0:00:33]} 39. Re7 {[%clk 0:10:53]} Bf3
{[%clk 0:00:37]} 40. Rgg7 {[%clk 0:10:37]} Rd8 {[%clk 0:00:35]} 41. Re3
{[%clk 0:10:08]} Bh1 {[%clk 0:00:33]} 42. Rg4 {[%clk 0:09:16]} Rh8
{[%clk 0:00:32]} 43. f3 {[%clk 0:08:55]} b4 {[%clk 0:00:59]} 44. Re1
{[%clk 0:08:52]} Bg2 {[%clk 0:00:53]} 45. Rxg2 {[%clk 0:09:14]} Rd8
{[%clk 0:01:09]} 46. Rg4 {[%clk 0:09:21]} c5 {[%clk 0:01:35]} 47. dxc5
{[%clk 0:09:00]} Rd2+ {[%clk 0:01:51]} 48. Kb1 {[%clk 0:09:10]} Rb2+
{[%clk 0:02:13]} 49. Kc1 {[%clk 0:08:08]} Rc2+ {[%clk 0:02:39]} 50. Kxc2
{[%clk 0:07:05]} 1/2-1/2

[Event "EUCC 2023 - U14"]
[Site "Kouty nad Desnou"]
[Date "2023.08.22"]
[Round "7.3"]
[White "Srba, Daniel"]
[Black "Jasso, Matej"]
[Result "0-1"]
[BlackElo "2143"]
[WhiteElo "1571"]
[LiveChessVersion "1.4.8"]

1. e4 {[%clk 1:30:59]} c5 {[%clk 1:30:46]} 2. Nf3 {[%clk 1:31:25]} a6
{[%clk 1:30:58]} 3. d4 {[%clk 1:31:51]} cxd4 {[%clk 1:31:19]} 4. Nxd4
{[%clk 1:32:18]} Nf6 {[%clk 1:31:43]} 5. Nc3 {[%clk 1:32:44]} e5 {[%clk 1:29:32]}
6. Nf3 {[%clk 1:31:28]} Bb4 {[%clk 1:28:14]} 7. Bd2 {[%clk 1:30:45]} d6
{[%clk 1:24:09]} 8. Bd3 O-O {[%clk 1:23:30]} 9. a3 {[%clk 1:27:50]} Bc5
{[%clk 1:16:17]} 10. Bg5 {[%clk 1:24:42]} Be6 {[%clk 1:12:32]} 11. O-O
{[%clk 1:24:53]} Nbd7 {[%clk 1:12:16]} 12. h3 {[%clk 1:23:10]} h6
{[%clk 1:10:39]} 13. Bh4 {[%clk 1:23:20]} Qc7 {[%clk 1:04:08]} 14. Re1
{[%clk 1:19:27]} Ba7 {[%clk 1:02:07]} 15. Bg3 {[%clk 1:17:12]} Rac8
{[%clk 0:51:18]} 16. Rc1 {[%clk 1:14:33]} Nh5 {[%clk 0:43:27]} 17. Bh4
{[%clk 1:12:43]} Nf4 {[%clk 0:43:00]} 18. Bg3 {[%clk 1:11:19]} Nxd3
{[%clk 0:37:55]} 19. cxd3 {[%clk 1:09:04]} Qb6 {[%clk 0:29:52]} 20. Re2
{[%clk 1:04:08]} Nc5 {[%clk 0:28:03]} 21. Rb1 {[%clk 0:58:25]} Nb3
{[%clk 0:24:40]} 22. Nd2 {[%clk 0:47:15]} Nd4 {[%clk 0:16:44]} 23. Re1
{[%clk 0:46:23]} a5 {[%clk 0:10:01]} 24. Nf1 {[%clk 0:39:53]} Bb3
{[%clk 0:09:25]} 25. Qd2 {[%clk 0:35:40]} Bc2 {[%clk 0:09:09]} 26. Nd5
{[%clk 0:35:54]} Qd8 {[%clk 0:09:38]} 27. Rbc1 {[%clk 0:32:37]} Kh8
{[%clk 0:04:53]} 28. Nc3 {[%clk 0:31:49]} Bb3 {[%clk 0:05:21]} 29. Ne3
{[%clk 0:30:26]} Be6 {[%clk 0:05:41]} 30. Rb1 {[%clk 0:28:52]} Bxh3
{[%clk 0:03:55]} 31. Kf1 {[%clk 0:26:44]} Be6 {[%clk 0:01:39]} 32. Ned5
{[%clk 0:25:49]} f5 {[%clk 0:01:53]} 33. f3 {[%clk 0:24:01]} fxe4
{[%clk 0:01:38]} 34. dxe4 {[%clk 0:24:21]} Rxf3+ {[%clk 0:01:21]} 35. gxf3
{[%clk 0:24:02]} Bh3+ {[%clk 0:01:50]} 36. Kf2 {[%clk 0:23:52]} Nb3+
{[%clk 0:02:19]} 0-1

[Event "EUCC 2023 - U14"]
[Site "Kouty nad Desnou"]
[Date "2023.08.22"]
[Round "7.4"]
[White "Novomeska, Karin"]
[Black "Sahidi, Sear"]
[Result "1-0"]
[BlackElo "1731"]
[WhiteElo "1842"]
[LiveChessVersion "1.4.8"]

1. d4 {[%clk 1:30:57]} d5 {[%clk 1:30:52]} 2. c4 {[%clk 1:31:22]} e6
{[%clk 1:31:05]} 3. Nf3 {[%clk 1:31:43]} Nf6 {[%clk 1:31:20]} 4. Nc3
{[%clk 1:32:05]} a6 {[%clk 1:30:39]} 5. g3 {[%clk 1:31:33]} c5 {[%clk 1:29:56]}
6. cxd5 {[%clk 1:24:36]} Nxd5 {[%clk 1:25:29]} 7. Nxd5 {[%clk 1:21:36]} exd5
{[%clk 1:21:32]} 8. Bg2 {[%clk 1:13:37]} c4 {[%clk 1:17:58]} 9. O-O
{[%clk 1:12:22]} Bf5 {[%clk 1:15:19]} 10. Nh4 {[%clk 1:09:02]} Be6
{[%clk 1:06:12]} 11. e4 {[%clk 1:03:13]} Be7 {[%clk 1:03:45]} 12. exd5
{[%clk 1:02:13]} Bxd5 {[%clk 1:03:35]} 13. Nf5 {[%clk 0:48:27]} Bf6
{[%clk 0:22:37]} 14. Re1+ {[%clk 0:18:58]} Kf8 {[%clk 0:21:38]} 15. Bxd5
{[%clk 0:09:55]} Qxd5 {[%clk 0:21:57]} 16. Bf4 {[%clk 0:09:32]} Nc6
{[%clk 0:18:41]} 17. Qe2 {[%clk 0:09:07]} Qd7 {[%clk 0:15:57]} 18. Bd6+
{[%clk 0:09:09]} Kg8 {[%clk 0:15:47]} 19. Qg4 {[%clk 0:09:23]} 1-0

[Event "EUCC 2023 - U14"]
[Site "Kouty nad Desnou"]
[Date "2023.08.22"]
[Round "7.5"]
[White "Ciocirlan, Bianca-Alexandra"]
[Black "Sekova, Olivia"]
[Result "1-0"]
[BlackElo "1714"]
[WhiteElo "1510"]
[LiveChessVersion "1.4.8"]

1. e4 {[%clk 1:30:58]} c5 {[%clk 1:30:42]} 2. Nf3 {[%clk 1:31:24]} e6
{[%clk 1:30:54]} 3. d4 {[%clk 1:31:50]} cxd4 {[%clk 1:31:19]} 4. Nxd4
{[%clk 1:32:17]} a6 {[%clk 1:31:35]} 5. Nc3 {[%clk 1:32:40]} b5 {[%clk 1:31:55]}
6. Be3 {[%clk 1:32:55]} Qc7 {[%clk 1:31:21]} 7. Qd2 {[%clk 1:31:09]} Nf6
{[%clk 1:30:00]} 8. f3 {[%clk 1:31:19]} Bb7 {[%clk 1:26:19]} 9. g4
{[%clk 1:27:27]} b4 {[%clk 1:20:06]} 10. Nce2 {[%clk 1:26:02]} d5
{[%clk 1:16:57]} 11. e5 {[%clk 1:21:22]} Nfd7 {[%clk 1:14:50]} 12. f4
{[%clk 1:17:22]} Bc5 {[%clk 1:00:21]} 13. Rg1 {[%clk 1:01:36]} Nc6
{[%clk 0:50:14]} 14. h4 {[%clk 0:48:35]} Rc8 {[%clk 0:45:56]} 15. Nxc6
{[%clk 0:38:02]} Qxc6 {[%clk 0:45:20]} 16. Bd4 {[%clk 0:37:47]} Nb6
{[%clk 0:43:12]} 17. b3 {[%clk 0:36:33]} Bxd4 {[%clk 0:39:22]} 18. Qxd4
{[%clk 0:35:14]} Qc5 {[%clk 0:39:26]} 19. Qxc5 {[%clk 0:29:38]} Rxc5
{[%clk 0:39:40]} 20. Nd4 {[%clk 0:29:58]} O-O {[%clk 0:37:20]} 21. Bd3
{[%clk 0:28:23]} Rfc8 {[%clk 0:35:44]} 22. h5 {[%clk 0:25:47]} Nd7
{[%clk 0:32:42]} 23. g5 {[%clk 0:25:09]} g6 {[%clk 0:30:30]} 24. hxg6
{[%clk 0:24:52]} hxg6 {[%clk 0:30:36]} 25. Kd2 {[%clk 0:22:36]} Rc3
{[%clk 0:27:35]} 26. Rac1 {[%clk 0:19:53]} Nc5 {[%clk 0:26:10]} 27. Ne2
{[%clk 0:18:48]} Nxd3 {[%clk 0:26:05]} 28. cxd3 {[%clk 0:19:13]} Rxc1
{[%clk 0:20:47]} 29. Rxc1 {[%clk 0:19:12]} Rxc1 {[%clk 0:20:58]} 30. Nxc1
{[%clk 0:19:22]} d4 {[%clk 0:15:59]} 31. Ne2 {[%clk 0:19:03]} Kf8
{[%clk 0:16:23]} 32. Nxd4 {[%clk 0:18:29]} Ke7 {[%clk 0:16:41]} 33. Nc2
{[%clk 0:18:33]} a5 {[%clk 0:17:06]} 34. Ne3 {[%clk 0:18:26]} Ba6
{[%clk 0:10:12]} 35. Ng4 {[%clk 0:18:12]} Bb7 {[%clk 0:04:29]} 36. Ke3
{[%clk 0:17:43]} a4 {[%clk 0:02:10]} 37. bxa4 {[%clk 0:12:25]} Bd5
{[%clk 0:02:35]} 38. Kd2 {[%clk 0:12:05]} Bxa2 {[%clk 0:02:16]} 39. a5
{[%clk 0:12:10]} Kd7 {[%clk 0:00:54]} 40. a6 {[%clk 0:09:58]} Bd5
{[%clk 0:01:10]} 41. Nf6+ {[%clk 0:09:28]} Kc6 {[%clk 0:01:09]} 42. Nxd5
{[%clk 0:07:51]} exd5 {[%clk 0:01:32]} 43. f5 {[%clk 0:07:15]} 1-0

[Event "EUCC 2023 - U14"]
[Site "Kouty nad Desnou"]
[Date "2023.08.22"]
[Round "7.6"]
[White "Pritulina, Nadezhda"]
[Black "Barteckova, Valerie"]
[Result "1/2-1/2"]
[BlackElo "1562"]
[WhiteElo "1372"]
[LiveChessVersion "1.4.8"]

1. e4 {[%clk 1:30:58]} e6 {[%clk 1:30:50]} 2. d4 {[%clk 1:31:22]} d5
{[%clk 1:31:14]} 3. e5 {[%clk 1:31:46]} c5 {[%clk 1:31:19]} 4. c3
{[%clk 1:32:07]} Nc6 {[%clk 1:31:02]} 5. Nf3 {[%clk 1:32:25]} Qb6
{[%clk 1:30:17]} 6. Be2 {[%clk 1:32:44]} Nh6 {[%clk 1:28:14]} 7. Bd3
{[%clk 1:26:42]} Bd7 {[%clk 1:22:28]} 8. Bc2 {[%clk 1:24:54]} Nf5
{[%clk 1:20:21]} 9. Bxf5 {[%clk 1:23:35]} exf5 {[%clk 1:20:42]} 10. O-O
{[%clk 1:23:51]} c4 {[%clk 1:16:42]} 11. Qc2 {[%clk 1:16:05]} Be7
{[%clk 1:13:49]} 12. b4 {[%clk 1:08:57]} O-O {[%clk 1:07:34]} 13. a4
{[%clk 1:08:39]} a6 {[%clk 1:06:21]} 14. Na3 {[%clk 1:02:44]} Na7
{[%clk 1:03:19]} 15. Qd2 {[%clk 0:55:50]} Qg6 {[%clk 0:55:25]} 16. Nc2
{[%clk 0:55:11]} Be6 {[%clk 0:49:25]} 17. Qf4 {[%clk 0:50:50]} h6
{[%clk 0:36:04]} 18. h3 {[%clk 0:44:40]} Qh7 {[%clk 0:30:43]} 19. h4
{[%clk 0:39:54]} Kh8 {[%clk 0:20:39]} 20. h5 {[%clk 0:38:14]} Rg8
{[%clk 0:17:38]} 21. Kh2 {[%clk 0:32:00]} Bf8 {[%clk 0:15:21]} 22. Rh1
{[%clk 0:28:44]} Nc8 {[%clk 0:13:58]} 23. Kg1 {[%clk 0:23:55]} Nb6
{[%clk 0:07:12]} 24. Qh4 {[%clk 0:17:31]} f4 {[%clk 0:05:12]} 25. Nce1
{[%clk 0:17:16]} Bd7 {[%clk 0:03:29]} 26. Qxf4 {[%clk 0:15:00]} Qf5
{[%clk 0:01:24]} 27. Qxf5 {[%clk 0:12:38]} Bxf5 {[%clk 0:01:47]} 28. a5
{[%clk 0:11:50]} Nc8 {[%clk 0:02:02]} 29. Rh4 {[%clk 0:10:56]} Be7
{[%clk 0:01:27]} 30. Rf4 {[%clk 0:05:53]} Be6 {[%clk 0:01:46]} 31. g4
{[%clk 0:05:43]} Na7 {[%clk 0:01:45]} 32. Nh2 {[%clk 0:04:06]} Nb5
{[%clk 0:01:40]} 33. Rf3 {[%clk 0:04:17]} f6 {[%clk 0:01:42]} 34. Re3
{[%clk 0:03:47]} Rae8 {[%clk 0:01:45]} 35. f4 {[%clk 0:03:44]} fxe5
{[%clk 0:01:37]} 36. fxe5 {[%clk 0:04:08]} Rgf8 {[%clk 0:01:45]} 37. Bb2 Bg5
{[%clk 0:01:31]} 38. Rf3 {[%clk 0:02:01]} Bd2 {[%clk 0:01:32]} 39. Rg3
{[%clk 0:01:16]} Rf7 {[%clk 0:01:32]} 40. Rd1 {[%clk 0:01:31]} Bf4
{[%clk 0:01:37]} 41. Rg2 {[%clk 0:01:13]} Ref8 {[%clk 0:01:32]} 42. Nef3
{[%clk 0:01:03]} Be3+ {[%clk 0:01:26]} 43. Kf1 {[%clk 0:00:41]} Bf4
{[%clk 0:01:30]} 1/2-1/2